| 000 | 00445nam a22001817a 4500 | ||
|---|---|---|---|
| 003 | CEME | ||
| 005 | 20210628205643.0 | ||
| 008 | 210309b xxu||||| |||| 00| 0 eng d | ||
| 020 | _a0-412-47640-1 | ||
| 040 | _c. | ||
| 082 | _a621.4021 SHE | ||
| 100 |
_aSherwin, Keith _976464 |
||
| 245 | _aIntroduction to thermodynamics | ||
| 260 |
_aLONDON _bCHAPMAN & HALL _c1994 |
||
| 300 | _a309P | ||
| 650 |
_aTHERMODYNAMICS _97134 |
||
| 942 |
_cBK _2ddc |
||
| 999 |
_c581857 _d581857 |
||